| 000 | 00591nam a2200205 a 4500 | ||
|---|---|---|---|
| 001 | 3857 | ||
| 003 | CO-ViMGA | ||
| 008 | 141112s2004 ck r 000 u spa d | ||
| 020 | _a8475094236 | ||
| 040 |
_aCO-ViMGA _bspa _cCO-ViMGA |
||
| 082 | 0 | 4 | _a372 B685e |
| 100 | 1 | _aBoulch, Jean le | |
| 245 | 1 | 0 |
_aLa educación psicomotriz en la escuela primaria : _bla psicokinética en la edad escolar |
| 260 |
_aBarcelona : _bPaidos, _c1991 |
||
| 300 | _a398 p | ||
| 490 | _aEducación física psicomotricidad, 36 | ||
| 650 | 1 | 4 | _aeducación PRIMARIA |
| 650 | 1 | 4 | _aPSICOMOTRICIDAD |
| 942 |
_2ddc _cBK |
||
| 999 |
_c15875 _d15875 |
||